000 01023nam a2200313 i 4500
001 000039362
003 OSt
005 20240409073825.0
007 ta
008 130625s2009 dr 000 0 spa d
020 _a9789945460339
040 _aDO-SdBNP
_bspa
_cDO-SdBNP
_erda
082 4 _aRD863.5
_bG633s
_222
100 1 _aGómez, Ana Brígida
_965566
_eautora
245 1 3 _aLa sirenita de coral /
_cAna Brígida Gómez.
264 _aSanto Domingo :
_bSantuario.
_c2009
300 _a136 páginas ;
_c22 cm.
336 _2rdacontent
_atexto
_btxt
337 _2rdamedia
_asin mediación
_bn
338 _2rdacarrier
_avolumen
_bnc
490 0 _aSantuario infantil
500 _aIncluye datos biográficas de la autora en la solapa de la cubierta
586 _aPremio nacional de literatura infanto-juvenil
590 _aInventariado,2020/VM
650 0 _aCuentos infantiles dominicanos
_9505
650 4 _aLiteratura infantil dominicana
_9441
910 _aVMateo. Control de calidad MFF
942 _2ddc
_cLBS1
999 _c38852
_d38852